000
00246 a2200109 4500
020
_a
9780525472483
041
_a
spa
100
_a
Porter Gaylord, Laurel
245
_a
Quiero a mi mama porque, I love my mommy because
942
_c
BK
952
_7
1
999
_c
22386
_d
22386